Bailando con Lobos /

محفوظ في:
التفاصيل البيبلوغرافية
المؤلف الرئيسي: Blake, Michael (autor)
التنسيق: كتاب
اللغة:الإسبانية
منشور في: Barcelona, España : Grijalbo, 1991, c1991
سلاسل:(Edibolsillo)
الموضوعات:
الوسوم: إضافة وسم
لا توجد وسوم, كن أول من يضع وسما على هذه التسجيلة!

MARC

LEADER 00000nam^a2200000^a^4500
001 000380789
005 20250521000000.0
009 20260310120619.935
020 |a 84-253-2440-8 
037 |a Acervo ITESO - Biblioteca 
041 |a ESP 
082 |a 813.  |b BLA 
100 |a Blake, Michael  |e (autor) 
240 1 1 |a [Bailando con Lobos] 
245 1 0 |a Bailando con Lobos /  |c M. Blake ; tr. por José Manuel Pomares. 
264 4 |a Barcelona, España :  |b Grijalbo,  |c 1991, c1991 
300 |a 346 p. 
336 |a texto  |b txt  |2 rdacontenido 
337 |a sin mediación  |b n  |2 rdamedio 
338 |a volumen  |b nc  |2 rdasoporte 
440 1 |a (Edibolsillo) 
500 |a Traducción de: Dances with Wolves 
649 |a XX 
650 |a Siouas -  |z EUA (Región Oeste) -  |x Historia -  |y Guerra Civil, 1861-1865 
650 |a Siouas -  |z EUA (Región Oeste) -  |x Historia -  |y Siglo XIX 
650 |a Siouas -  |z EUA (Región Oeste) -  |x Condiciones Sociales y Culturales 
650 |a Indígenas de América del Norte -  |z EUA (Región Oeste) -  |x Historia -  |y Guerra Civil, 1861-1865 -  |x Tema Principal 
650 |a Indígenas de América del Norte -  |z EUA (Región Oeste) -  |x Historia -  |y Siglo XIX 
650 |a Indígenas de América del Norte -  |z EUA (Región Oeste) -  |x Condiciones Sociales y Culturales 
650 |a Indígenas en la Literatura 
650 |a Novela Norteamericana 
650 |a Literatura Indigenista -  |z EUA 
650 |a Literatura Epica -  |z EUA 
650 |a Literatura Norteamericana -  |y Siglo XX 
650 |a Amistad 
650 |a Aculturación 
650 |a Relaciones Interculturales 
650 |a Animales (En Religión, Folklore, etc.) -  |z EUA 
650 |a Prácticas Culturales -  |z EUA 
650 |a EUA (Región Oeste) -  |x Historia -  |y Guerra Civil, 1861-1865 -  |x Tema Principal 
650 |a EUA (Región Oeste) -  |x Historia -  |y Siglo XIX 
650 |a EUA -  |x Historia -  |y Guerra Civil, 1861-1865 
650 |a EUA -  |x Historia -  |y Siglo XIX 
910 |a Fondo General 
920 |a Impresos - Libros 
930 |a Colección General 
940 |a Literatura 
905 |a 101 
901 |a 0500275484  |b IT1  |c LIT  |i D78389  |u 20250521 
902 |a https://opac.biblio.iteso.mx/vufind/Record/000380789